000 00276nam a2200121Ia 4500
008 241002s9999 xx 000 0 und d
082 _a170 MAC
100 _aMackenzie, John S.
245 0 _aManual of Ethics
260 _aLondon:
_c1954
600 _aPhilosophy
942 _cUC
999 _c18925
_d18925